000 00337nam a2200145Ia 4500
005 20251222152651.0
008 251222s9999||||xx |||||||||||||| ||spa||
020 _a8425304040
082 _a800/N38
100 _aNelson, Walter Henry
245 0 _aLa Pequeña Maravilla
250 _a1ra.ed.
264 _bGrijalbo S.A.
942 _cLIB
999 _c28452
_d28452